000 00789nam a22002177a 4500
003 OSt
005 20260427073035.0
008 260427b |||||||| |||| 00| 0 eng d
020 _a0-7674-1141-2
040 _aDWC-Main lib
_cOC
082 _23rd edition
_aCirc. 808.042 W956 2000
100 _aEbest, Sally Barr [Et.Al.]
245 _aWriting from A to Z :
_bthe-easy-to use reference handbook
_cCL41715
260 _aCalifornia:
_bMayfield Publishing Company
_cc2000.
300 _axxii, 505 pages ;
_c21 cm.
504 _aIncludes index.
650 _a1. English language - Grammar handbooks, manuals, etc.
650 _a2. English language - Rhetoric Handbooks, manuals, etc.
650 _a3. Report writing handbooks, manuals, etc.
942 _2ddc
_cBK-CIRC
_e3rd ed.
_hCirc.
_n0
999 _c9954
_d9954